The G.O.A.T.s of NASCAR - Statistics

General Stats
  • This quiz has been taken 952 times
  • The average score is 4 of 5
Answer Stats
Answer % Correct
Dale Earnhardt
97%
Richard Petty
97%
Jimmie Johnson
93%
Jeff Gordon
86%
David Pearson
55%
No matching quizzes found
Score Distribution
Percent of People with Each Score
Percentile by Number Answered
Your Score History
You have not taken this quiz